| 000 | 00816nam a2200229Ia 4500 | ||
|---|---|---|---|
| 999 |
_c45196 _d45196 |
||
| 001 | 12019 | ||
| 003 | GE_BSU | ||
| 005 | 20221121103643.0 | ||
| 008 | 181216s2014en xx |||||||||||||| ||eng|| | ||
| 020 | _a9781118602614 x | ||
| 040 | _cGE_BSU | ||
| 080 | _a327B-85 | ||
| 100 |
_aBrett, Jeanne M. _915951 |
||
| 245 |
_aNegotiating Globally: How to Negotiate Deals, Resolve Disputes, and Make Decisions Across Cultural Boundaries / _cJeanne M. Brett. |
||
| 250 | _aThird Edition | ||
| 264 |
_aSan Francisco : _bJohn Wiley & Sons Inc, _c2014. |
||
| 300 |
_a288 p.: _b24 cm. |
||
| 653 | _aHow to Negotiate Deals, Resolve Disputes, and Make Decisions Across Cultural Boundaries | ||
| 653 | _aNegotiating Globally: | ||
| 653 | _aმოლაპარაკება გლობალურად | ||
| 942 |
_cBK _2udc |
||